Normal view
MARC view
Entry Personal Name
001 - CONTROL NUMBER
- control field: 26390
003 - CONTROL NUMBER IDENTIFIER
- control field: ARRUPE
005 - DATE AND TIME OF LATEST TRANSACTION
- control field: 20161004094120.0
008 - FIXED-LENGTH DATA ELEMENTS
- fixed length control field: 161004|| aca||aabn | a|a d
040 ## - CATALOGING SOURCE
- Original cataloging agency: ARRUPE
- Transcribing agency: ARRUPE
100 ## - HEADING--PERSONAL NAME
- Personal name: Montague, Michelle.
670 ## - SOURCE DATA FOUND
- Source citation: Work cat.: (ARRUPE)0: Strawson, P. F. 10295, Philosophical writings, 2011.